| 000 | 00385nam a2200157Ia 4500 | ||
|---|---|---|---|
| 003 | OSt | ||
| 005 | 20240403112003.0 | ||
| 008 | 170523s9999 xx 000 0 und d | ||
| 020 | _a0471283320 | ||
| 040 | _cIIMT UNIVERSITY | ||
| 100 | _aDAMODARAN ASWATHHAPA | ||
| 245 | 0 | _aCORPORATE FINANCE THEORY AND PRACTIC | |
| 260 |
_aNEW DELHI _bWILEY _c2011 |
||
| 300 | _a982 | ||
| 942 |
_2ddc _c02 |
||
| 999 |
_c10449 _d10449 |
||